Obnova spoločenstva dediny

Bibliographic Details
Main Author: Pašiak, Ján, 1929-2018 (Author)
Format: Article
Language:Slovak
Subjects:

MARC

LEADER 00000nab a2200000 a 4500
001 vtls000487889
003 SK-MaSNL
005 20260413133554.0
008 120927c1993 xo 0 slo
015 |a SNBRB19rr/mm-uuuuu 
035 |a CL0488026 
040 |a SNKBUCL  |b slo  |c SNKBUCL  |e AACR2 
041 0 |a slo 
044 |a xo  |c SK 
080 |a 301.185.2  |2 1981 
100 1 |a Pašiak, Ján,   |d 1929-2018  |4 aut  |9 1636769 
245 1 0 |a Obnova spoločenstva dediny  |c Ján Pašiak 
650 0 7 |a dedina  |2 snkbucl  |9 308320 
655 7 |a články z novín a časopisov  |2 snkbucl  |9 267496 
773 0 |t Národná osveta  |g Roč. 3, č. 14 (1993), s. 25 
850 |a Slovenská národná knižnica v Martine  |a MTA001 
852 |a SNK  |b KIS3GCP 
958 |a RK 
992 |a RBX 
999 |c 1576840  |d 1578770